00000000nam##2200000za#4500
0019.612474
003CaOODSP
00520200401044900
007ta
008150406|1994||||xxc|||||     f|0| 0 eng|d
020 |a0-662-23649-1
022 |a1188-8903
040 |aCaOODSP|beng
043 |an-cn---
0861 |aEn1-17/13-1994E
1101 |aCanada. |bEnvironment Canada. |bEnvironmental Protection Service.
24510|aIndustrial wastewater: treatment of de-inking effluents by activated sludge and aerated lagoon systems : |bpilot study and scale-up / |cby Pierre Sylvestre.
260 |aMontreal - Quebec : |bEnvironment Canada. |c1994.
300 |a4p. : |bcoloured figs., tables ; |c28 cm.
4901 |aSt. Lawrence technologies|x1188-8903
563 |aPamphlet
590 |a95-29|b1995-07-21
69007|aWaste management|2gcpds
69007|aPulp and paper industry|2gcpds
7201 |aSylvestre, Pierre
77508|tEaux usées industrielles: traitement par boues activées et étangs aérés d'effluents d'usines de désencrage : |w(CaOODSP)9.623450
7760#|tIndustrial wastewater. Treatment of de-inking effluents by activated sludge and aerated lagoon systems : |w(CaOODSP)9.571221
830#0|aSt. Lawrence technologies,|x1188-8903|w(CaOODSP)9.514532